NBA Starters 2012–2013 - Statistics

General Stats
  • This quiz has been taken 15,676 times
  • The average score is 62 of 150
Answer Stats
Hint Hint Answer % Correct
Heat F LeBron James
93%
Heat G Dwyane Wade
89%
Lakers G Kobe Bryant
87%
Heat C Chris Bosh
84%
Clippers G Chris Paul
81%
Pacers F David West
81%
Thunder F Kevin Durant
80%
Knicks F Carmelo Anthony
79%
Lakers F Pau Gasol
79%
Lakers C Dwight Howard
78%
Grizzlies C Marc Gasol
78%
Clippers F Blake Griffin
77%
Thunder G Russell Westbrook
77%
Celtics C Kevin Garnett
76%
Spurs G Tony Parker
75%
Rockets G James Harden
74%
Warriors G Stephen Curry
74%
Spurs F Tim Duncan
74%
Celtics F Paul Pierce
73%
Celtics G Rajon Rondo
72%
Lakers G Steve Nash
72%
Cavaliers G Kyrie Irving
70%
Nets G Deron Williams
68%
Heat G Mario Chalmers
67%
Jazz G Mo Williams
67%
Grizzlies G Tony Allen
67%
Clippers C DeAndre Jordan
66%
Timberwolves F Derrick Williams
66%
Bulls C Joakim Noah
66%
Hawks F Josh Smith
66%
76ers C Lavoy Allen
66%
Jazz F Marvin Williams
66%
Pacers G Paul George
64%
Warriors G Klay Thompson
62%
Spurs G Danny Green
61%
Cavaliers F Tristan Thompson
61%
Hornets F Anthony Davis
60%
Pacers F Gerald Green
60%
Kings F Jason Thompson
60%
Clippers G Willie Green
60%
Magic F Glen Davis
59%
Nets G Joe Johnson
59%
Bobcats G Kemba Walker
58%
Knicks G Jason Kidd
57%
Kings F James Johnson
56%
Knicks C Tyson Chandler
55%
Trail Blazers G Damian Lillard
54%
Thunder F Serge Ibaka
54%
Kings C DeMarcus Cousins
53%
Nets C Brook Lopez
52%
Rockets G Jeremy Lin
52%
Grizzlies G Mike Conley
51%
Hornets C Robin Lopez
51%
Raptors G DeMar DeRozan
49%
Thunder C Kendrick Perkins
49%
Hawks C Al Horford
48%
Bulls F Carlos Boozer
48%
Clippers F Caron Butler
47%
76ers G Jrue Holiday
47%
Raptors G Kyle Lowry
47%
Lakers F Metta World Peace
47%
Grizzlies F Zach Randolph
47%
Nuggets G Andre Iguodala
46%
Trail Blazers F LaMarcus Aldridge
46%
Bucks G Monta Ellis
46%
Warriors C Andrew Bogut
45%
Hawks G Jeff Teague
45%
Spurs F Kawhi Leonard
45%
Pacers C Roy Hibbert
45%
Pacers G George Hill
44%
Bulls F Luol Deng
44%
Bucks G Brandon Jennings
43%
Grizzlies F Rudy Gay
43%
Wizards G Bradley Beal
42%
Warriors F David Lee
42%
Celtics G Courtney Lee
41%
Jazz C Al Jefferson
40%
Heat F Shane Battier
39%
Jazz F Paul Millsap
38%
Nuggets G Ty Lawson
37%
Nets F Gerald Wallace
36%
Kings G Isaiah Thomas
36%
Suns C Marcin Gortat
35%
Warriors F Harrison Barnes
33%
Magic G Jameer Nelson
33%
Bulls G Kirk Hinrich
33%
Hawks F Kyle Korver
33%
Knicks G Raymond Felton
31%
Thunder G Thabo Sefolosha
31%
Suns G Goran Dragic
30%
76ers F Thaddeus Young
30%
Kings G Tyreke Evans
30%
Cavaliers C Anderson Varejao
28%
Trail Blazers F Nicolas Batum
28%
Jazz G Gordon Hayward
27%
Pistons C Greg Monroe
27%
Nuggets F Kenneth Faried
27%
Cavaliers G Dion Waiters
26%
76ers F Evan Turner
26%
Pistons G Brandon Knight
25%
Rockets F Chandler Parsons
25%
Mavericks F Shawn Marion
25%
Hawks G Devin Harris
23%
Nuggets F Jordan Hamilton
23%
Bulls G Richard Hamilton
23%
Bucks F Tobias Harris
23%
Mavericks G Darren Collison
22%
Mavericks G O.J. Mayo
22%
Rockets C Omer Asik
22%
Pistons F Tayshaun Prince
22%
Wizards F Trevor Ariza
22%
Trail Blazers G Wesley Matthews
22%
Bobcats F Michael Kidd-Gilchrist
21%
Magic C Nikola Vucevic
21%
Spurs C Boris Diaw
20%
Bobcats G Gerald Henderson
20%
Raptors C Jonas Valanciunas
20%
Celtics F Brandon Bass
19%
Magic G Arron Afflalo
17%
Mavericks F Elton Brand
17%
Wizards C Emeka Okafor
17%
Timberwolves G Brandon Roy
16%
76ers G Jason Richardson
16%
Timberwolves C Nikola Pekovic
16%
Raptors F Andrea Bargnani
15%
Bucks F Ersan Ilyasova
15%
Rockets F Marcus Morris
15%
Pistons G Rodney Stuckey
15%
Hornets G Greivis Vasquez
14%
Nets F Kris Humphries
14%
Suns F Luis Scola
14%
Hornets G Austin Rivers
13%
Cavaliers F Alonzo Gee
12%
Timberwolves F Andrei Kirilenko
12%
Magic F Hedo Turkoglu
11%
Suns F Michael Beasley
11%
Knicks F Ronnie Brewer
11%
Hornets F Al-Farouq Aminu
10%
Trail Blazers C J.J. Hickson
10%
Bucks C Samuel Dalembert
10%
Suns G Jared Dudley
9%
Wizards F Trevor Booker
9%
Nuggets C Kosta Koufos
8%
Bobcats C Brendan Haywood
7%
Bobcats F Byron Mullens
7%
Raptors F Landry Fields
7%
Timberwolves G Luke Ridnour
7%
Mavericks C Brandan Wright
6%
Pistons F Jason Maxiell
5%
Wizards G A.J. Price
4%
No matching quizzes found
Score Distribution
Percent of People with Each Score
Percentile by Number Answered
Your Score History
You have not taken this quiz